000
00297nam a2200121 a 4500
008
090930s1980|||| d
100
1
_a
Arseniev, V.K.
245
1
0
_a
Dersu Uzala
260
_b
Mladé letá
_a
Bratislava
_c
1980
041
_a
slo
044
_a
xo
_c
SK
520
_a
Lit. pre deti nad 11 rokov
999
_c
222
_d
222